La vocación profesional, clave de la Pedagogía (Record no. 144777)

MARC details
000 -LEADER
campo de control de longitud fija 00610nam a2200181 4500
001 - NÚMERO DE CONTROL
campo de control 144777
003 - IDENTIFICADOR DE NÚMERO DE CONTROL
campo de control ES-MaACL
005 - FECHA Y HORA DE LA ÚLTIMA TRANSACCIÓN
campo de control 20250828004907.0
007 - CAMPO FIJO DE DESCRIPCIÓN FÍSICA--INFORMACIÓN GENERAL
campo de control de longitud fija t|
008 - DATOS DE LONGITUD FIJA--INFORMACIÓN GENERAL
campo de control de longitud fija 070214s1948 sp r ||||1| spa d
100 1# - ENTRADA PRINCIPAL--NOMBRE DE PERSONA
Nombre de persona Simarro Puig, Alejandro.
9 (RLIN) 106465
245 13 - MENCIÓN DEL TÍTULO
Título La vocación profesional, clave de la Pedagogía
Resto del título : estudio psicopedagógico para el logro de la moral juvenil /
Mención de responsabilidad, etc. Alejandro Simarro Puig.
260 ## - PUBLICACIÓN, DISTRIBUCIÓN, ETC.
Lugar de publicación, distribución, etc. Madrid :
Nombre del editor, distribuidor, etc. Sociedad Editora Ibérica,
Fecha de publicación, distribución, etc. 1948.
300 ## - DESCRIPCIÓN FÍSICA
Extensión 252 p. ;
Dimensiones 22 cm.
650 07 - PUNTO DE ACCESO ADICIONAL DE MATERIA--TÉRMINO DE MATERIA
Término de materia o nombre geográfico como elemento de entrada Pedagogía
Fuente del encabezamiento o término embne
9 (RLIN) 15904
852 ## - LOCALIZACIÓN
Ubicación ES-MaACL
Número de control de estantería C-5006
Sublocalización o colección R.25397
Holdings
Estatus retirado Estado de pérdida Estado de daño No para préstamo Biblioteca de origen Biblioteca actual Ubicación en estantería Fecha de adquisición Fuente de adquisición Total de préstamos Signatura topográfica completa Código de barras Visto por última vez Precio de reemplazo Tipo de ítem Koha
        Biblioteca del Ateneo de Madrid Biblioteca del Ateneo de Madrid Sala Palomar 17/01/2008     C-5006 1150991 23/02/2023 23/02/2023 Libro impreso